| 000 | 01641namaa2200349 i 4500 | ||
|---|---|---|---|
| 003 | EG-GICUC | ||
| 005 | 20260514125600.0 | ||
| 008 | 260506s1986 le ||||jr|||| 00| 0cara d | ||
| 040 |
_aEG-GiCUC _bara _cEG-GiCUC _dEG-GiCUC _erda |
||
| 043 |
_af-ua--- _aa-sy--- |
||
| 082 | 0 | 4 |
_221 _a210.92 _bH154 1986 |
| 092 | 0 | 4 |
_221 _a210.92 _bH154 1986 |
| 099 | _a210.92 H154 1986 | ||
| 100 | 1 |
_aابن حجر العسقلاني، أحمد بن علي، _d1372-1449 _eمؤلف. |
|
| 245 | 1 | 0 |
_aإنباء الغمر بأنباء العمر فى التاريخ _c للامام شهاب الدين ابى الفضل احمد بن على بن حجر العسقلانى (المتوفى سنة 852 هـ / 1449 مـ). |
| 260 | _aالطبعة الثانية | ||
| 264 |
_aبيروت (لبنان) : _bدار الكتب العلمية، _c1986 |
||
| 300 |
_a9 مجلدات ؛ _c24 سم |
||
| 336 |
_2rdacontent _atext |
||
| 337 |
_2rdamedia _aUnmediated |
||
| 338 |
_2rdacarrier _avolume |
||
| 490 | 0 | _aالسلسلة الجديدة من مطبوعات دائرة المعارف العثمانية ؛ | |
| 500 | _aالمكتبة تفتقد المجلد الاول والثانى | ||
| 504 | _aيشتمل على ارجاعات ببليوجرافية. | ||
| 541 |
_aد. / جابر عصفور ؛ _bالقاهرة ؛ _cإهداء ؛ _d2024. |
||
| 650 | 1 | 7 |
_aالعلماء المسلمون _2qrmak |
| 650 | 1 | 7 | _aالتاريخ الاسلامى |
| 651 | 1 | 7 |
_2qrmak _aمصر _xتاريخ _yعصر المماليك _y(1250-1517مـ) |
| 651 | 1 | 7 |
_aسوريا _xتاريخ _yالعصر الاسلامى _y(637-1920 مـ) |
| 905 | _aAmira | ||
| 942 |
_2ddc _cBK _e21 _n0 |
||
| 999 |
_c180026 _d180026 |
||